Bundesland in Bildern - Brandenburg - Statistiken

Allgemein
  • Dieses Quiz wurde 45 mal gespielt
    44 seit der letzten Aktualisierung
  • Das Durchschnittsergebnis liegt bei 8 aus 16
Antwortstatistiken
Bildquiz Antwort % Korrekt
Spreewaldgurke
83%
Schloss Sanssouci
80%
Spreewald
78%
Studio Babelsberg
78%
Flughafen Berlin-Brandenburg
65%
Frankfurt (Oder)
65%
Tesla Gigafactory
65%
Tropical Islands
63%
Thedor Fontane
50%
Stadtschloss Potsdam
48%
Cottbus
45%
Glienicker Brücke
28%
Lieberoser Wüste
23%
Tagebau Jänschwalde
13%
Uckermark
10%
Märkische Schweiz
3%
Keine übereinstimmenden Quizze gefunden
Verteilung der Resultate
Anzahl Personen mit jedem Resultat
Perzentil nach korrekt beantworteten Fragen
Ihre Resultats-Entwicklung
Sie haben dieses Quiz seit der letzten Aktualisierung nicht gespielt